| 000 | 01251cab a22002175a 4500 | ||
|---|---|---|---|
| 001 | L149966 | ||
| 008 | 100520s2010 xxkd f s 000 0 eng d | ||
| 035 | _a(Sirsi) u149966 | ||
| 041 | 0 | _aeng | |
| 110 | 2 |
_aKnight Frank _91530 |
|
| 245 | 0 | 0 |
_aPrime London prices rise for fifth month leading to sales volume boom _h[electronic resource] |
| 260 | _c2010 | ||
| 490 | 0 |
_aKnight Frank Residential Development Land Index _v(10pr335) 10 May 2010 |
|
| 520 | _aKnight Frank residential land prices for the 12 months to the end of March 2010 showed the strongest rate of growth since the first quarter of 2005 due to improving demand and a slow growth in supply volumes. Quarterly growth in the three months to the end of March 2010 was 2.4% for Urban Land and 6.6% for Greenfield land with London and the West Midlands the strongest region for growth. | ||
| 590 | _aKA NTK | ||
| 650 | 2 | 4 | _aKNIGHT FRANK RESIDENTIAL LAND INDEX |
| 651 | 4 |
_aUnited Kingdom _y |
|
| 690 | _aPROPERTY-RESIDENTIAL PROPERTY-RESIDENTIAL PROPERTY MARKET | ||
| 856 | 4 | 0 |
_uhttps://www.knightfrank.co.uk/news/Residential-development-land-values-in-England-rise-by-the-strongest-rate-since-2005-0198.aspx _zView the news release free of charge at www.knightfrank.co.uk... |
| 942 | _n0 | ||
| 999 |
_c82352 _d82352 |
||